000 00391nab a22001097u 4500
008 130520b2007 xxu||||| |||| 00| 0 spa d
041 _aspa
100 1 _aDuplá, Francisco Javier
_977049
245 0 0 _aLa relación maestro-discípulo en la cultura occidental
_cFrancisco Javier Duplá
773 0 _tIter Revista de Teología
_gV.18, nº42-43,2007,págs. 15-34
_x0798-1236
_wRev385
942 _cAR
999 _c382325
_d382325